000 00521nam a2200205 a 4500
001 BS0001905
003 BR-BrBNA
005 20231002151431.0
008 230308b |||||||| |||| 00| 0 por d
040 _aBR-BrBNA
_bpor
_cBiblioteca Nacional de Agricultura
041 _apor
072 _aS86
090 _aS86
_bBS0001905
100 1 _aPinto, Maria Auxiliadora B.
245 1 _aDevolvam Meu Filho! /
260 3 _aBrasília, DF:
_bAlhambra,
300 _a75 p.
650 _aLITERATURA BRASILEIRA
942 _cBK
_2AGRIS
999 _c6965
_d6965